| 000 | 00337 a2200133 4500 | ||
|---|---|---|---|
| 005 | 20250628104214.0 | ||
| 020 | _a81-7041-366-4 | ||
| 100 | _aGHOSH, A.K | ||
| 245 | _aMaterials Management | ||
| 260 |
_aNew Delhi _bANMOL Publications PVT. LTD _c2000 |
||
| 300 |
_a235P.: ill; figures, tables _c20cm |
||
| 700 | _aKUMAR, P | ||
| 942 |
_2ddc _cBKS |
||
| 999 |
_c5963 _d5963 |
||